[Event "Arandjelovac ASK-14 GM"]
[Site "Arandjelovac"]
[Date "2023.12.17"]
[Round "9"]
[White "Orujov, Farid"]
[Black "Raahul, VS."]
[Result "1/2-1/2"]
[WhiteElo "2226"]
[BlackElo "2350"]
[PlyCount "52"]
[EventDate "2023.12.11"]
[EventType "tourn"]
[EventRounds "9"]
[EventCountry "SRB"]
[EventCategory "6"]
[SourceTitle "CB51_2023"]
[SourceDate "2023.12.20"]
[SourceVersion "1"]
[SourceVersionDate "2023.12.20"]
[SourceQuality "1"]

1. e4 e5 2. Nf3 Nc6 3. Bb5 g6 4. d4 exd4 5. c3 a6 6. Ba4 Bg7 7. cxd4 b5 8. Bb3 Nge7 9. 0-0 0-0 10. d5 Na5 11. Bd2 c5 12. Bc3 Nxb3 13. Qxb3 d6 14. Bxg7 Kxg7 15. Nbd2 Bg4 16. a4 Bd7 17. Qc3+ Kg8 18. axb5 axb5 19. b4 Qb6 20. Nb3 cxb4 21. Qxb4 Rfb8 22. Nfd4 Ra4 23. Qd2 Rc8 24. Rfc1 Rcc4 25. Rxc4 bxc4 26. Rxa4 Bxa4 1/2-1/2

[Event "Titled Tuesday intern op 14th Nov Early"]
[Site "Chess.com INT"]
[Date "2023.11.14"]
[Round "9"]
[White "Raahul, VS."]
[Black "Ashraf, Artin"]
[Result "0-1"]
[WhiteElo "2350"]
[BlackElo "2399"]
[PlyCount "106"]
[EventDate "2023.11.14"]
[EventType "swiss (blitz)"]
[EventRounds "11"]
[EventCountry "USA"]
[SourceTitle "CB47_2023"]
[SourceDate "2023.11.22"]
[SourceVersion "1"]
[SourceVersionDate "2023.11.22"]
[SourceQuality "1"]

1. b3 b6 2. Bb2 Bb7 3. e3 e6 4. f4 f5 5. Qh5+ g6 6. Qd1 Nf6 7. Nf3 Bg7 8. Be2 0-0 9. 0-0 d6 10. Qe1 c5 11. d3 Nc6 12. Nc3 Nd5 13. Qd2 b5 14. Rab1 Nxc3 15. Bxc3 Bxc3 16. Qxc3 b4 17. Qd2 Ne7 18. c4 bxc3 19. Qxc3 Nd5 20. Qd2 Qb6 21. Kh1 a5 22. Ng5 Qb4 23. Qc1 h6 24. a3 Qc3 25. Nf3 Qxc1 26. Rfxc1 Nxe3 27. d4 cxd4 28. Nxd4 Nxg2 29. Kg1 Nxf4 30. Bf1 Rac8 31. Nb5 Rfd8 32. Rc4 Rxc4 33. bxc4 Be4 34. Rd1 d5 35. c5 Rc8 36. Rc1 Bd3 37. Nd6 Rc6 38. Nb7 Rc7 39. c6 Bc4 40. Bxc4 Rxc6 41. Nxa5 Rc5 42. Kf2 Rxa5 43. Bf1 Rxa3 44. Rc7 g5 45. Bb5 Ra2+ 46. Ke3 Rxh2 47. Kd4 Ng6 48. Be8 Rh4+ 49. Kc3 Ne5 50. Re7 Rc4+ 51. Kb3 Nd3 52. Ka2 Kf8 53. Rxe6 Re4 0-1

[Event "SRB-chT Premier"]
[Site "Bajina Basta"]
[Date "2023.09.19"]
[Round "2.4"]
[White "Ivic, Velimir"]
[Black "Raahul, VS."]
[Result "1-0"]
[WhiteElo "2561"]
[BlackElo "2339"]
[PlyCount "154"]
[EventDate "2023.09.18"]
[EventType "team-tourn"]
[EventRounds "11"]
[EventCountry "SRB"]
[SourceTitle "EXT 2024"]
[Source "ChessBase"]
[SourceDate "2023.10.10"]
[SourceVersion "1"]
[SourceVersionDate "2023.10.10"]
[SourceQuality "1"]
[WhiteTeam "Pozega"]
[BlackTeam "Nova Pazova Mladost"]
[WhiteTeamCountry "SRB"]
[BlackTeamCountry "SRB"]

1. e4 e6 2. d4 d5 3. Nc3 Nf6 4. e5 Nfd7 5. f4 c5 6. Nf3 Nc6 7. Be3 Be7 8. Qd2 0-0 9. Be2 b6 10. 0-0 f5 11. Nd1 cxd4 12. Nxd4 Nxd4 13. Bxd4 Nc5 14. Nf2 Bb7 15. Qe3 Kh8 16. Rad1 Ba6 17. Bxa6 Nxa6 18. Qe2 Nc5 19. c4 Rc8 20. Be3 Rc7 21. cxd5 exd5 22. Bxc5 bxc5 23. b3 Qd7 24. Rd2 Qe6 25. Rfd1 Rd8 26. Qf3 Rcd7 27. h3 h6 28. g4 Rf8 29. Rxd5 fxg4 30. Qxg4 Qxg4+ 31. Nxg4 Rxd5 32. Rxd5 Rxf4 33. e6 Re4 34. Re5 Rd4 35. Ne3 Kg8 36. Nf5 Rd1+ 37. Kf2 Kf8 38. Kf3 Rf1+ 39. Ke4 Rd1 40. Nxe7 Kxe7 41. Rxc5 Kxe6 42. Rc6+ Kd7 43. Ra6 Rh1 44. Rxa7+ Kc6 45. Rxg7 Rxh3 46. Kd4 Kb6 47. Kc4 Rh4+ 48. Kc3 Rh3+ 49. Kb4 Rh4+ 50. Ka3 Rh5 51. b4 Rg5 52. Rh7 Rg6 53. Ka4 Rf6 54. a3 Rg6 55. Rf7 Re6 56. Rf5 Rg6 57. Rh5 Rf6 58. Rh3 Rg6 59. Kb3 Kb7 60. a4 Rg5 61. a5 h5 62. Ka4 Ka7 63. Rh4 Rf5 64. Re4 Rf7 65. b5 Rg7 66. Re5 h4 67. Rh5 h3 68. Rxh3 Rg4+ 69. Ka3 Rg5 70. Rb3 Kb7 71. Ka4 Rg1 72. Rc3 Rb1 73. a6+ Kb6 74. Rc6+ Ka7 75. Rc7+ Kb6 76. Rb7+ Kc5 77. a7 Kd5 1-0

[Event "Abu Dhabi op 29th"]
[Site "Abu Dhabi"]
[Date "2023.08.18"]
[Round "3"]
[White "Raahul, VS."]
[Black "Harshavardhan, GB."]
[Result "1-0"]
[WhiteElo "2346"]
[BlackElo "2413"]
[PlyCount "185"]
[EventDate "2023.08.16"]
[EventType "swiss"]
[EventRounds "9"]
[EventCountry "UAE"]
[SourceTitle "EXT 2024"]
[Source "ChessBase"]
[SourceDate "2023.10.10"]
[SourceVersion "1"]
[SourceVersionDate "2023.10.10"]
[SourceQuality "1"]

1. d4 d5 2. Bf4 c5 3. e3 Nc6 4. Nf3 Nf6 5. Nbd2 cxd4 6. exd4 Bg4 7. c3 Bxf3 8. Nxf3 e6 9. Qb3 Qc8 10. Bd3 Be7 11. 0-0 0-0 12. Qc2 h6 13. h3 Rd8 14. Rae1 Bd6 15. Bxd6 Rxd6 16. Ne5 b5 17. f4 b4 18. f5 bxc3 19. fxe6 Rxe6 20. Qxc3 Qb7 21. Bf5 Rd6 22. Qc5 Rad8 23. Rc1 Ne7 24. Qc7 Qxc7 25. Rxc7 Nxf5 26. Rxf5 Ra6 27. a3 Rb8 28. Rf2 Rf8 29. Nd7 Re8 30. Nc5 Rb6 31. Rxa7 Re1+ 32. Kh2 Rd1 33. Nd7 Rc6 34. Nxf6+ gxf6 35. b4 Rxd4 36. b5 Rb6 37. Rb2 Rc4 38. a4 Rc5 39. Rd7 Kg7 40. Rb4 f5 41. Rd4 Rc2 42. R4xd5 Ra2 43. Rxf5 Rxa4 44. Rfxf7+ Kg6 45. Rg7+ Kf6 46. Rdf7+ Ke5 47. Rb7 Rd6 48. b6 Rb4 49. Rbe7+ Kf6 50. Ref7+ Ke5 51. b7 Rdb6 52. Rh7 Rb2 53. Rh8 Ke4 54. Re8+ Kd5 55. Rd7+ Kc6 56. Rh7 Kd5 57. b8Q Rxb8 58. Rxb8 Rxb8 59. Rxh6 Ke5 60. Ra6 Kf5 61. g4+ Kg5 62. Ra5+ Kg6 63. Ra3 Rb6 64. Kg3 Kh6 65. h4 Rb1 66. Ra6+ Kh7 67. h5 Rh1 68. Rb6 Kg7 69. Kf4 Ra1 70. h6+ Kf7 71. Kg5 Ra5+ 72. Kh4 Ra1 73. Kh5 Rg1 74. Kg5 Ra1 75. Rf6+ Kg8 76. Kg6 Ra8 77. g5 Rb8 78. Re6 Ra8 79. Re7 Rb8 80. Kf6 Rf8+ 81. Ke6 Rf1 82. Rg7+ Kh8 83. Rf7 Ra1 84. g6 Ra8 85. Kf6 Kg8 86. Kg5 Kh8 87. Rf5 Rg8 88. g7+ Kh7 89. Rf8 Rxf8 90. gxf8B Kg8 91. Bb4 Kh7 92. Bc3 Kg8 93. Kg6 1-0

[Event "Belgrade Serbia op"]
[Site "Belgrade"]
[Date "2023.07.23"]
[Round "8"]
[White "Karamsetty, Jeevan"]
[Black "Raahul, VS."]
[Result "0-1"]
[WhiteElo "2185"]
[BlackElo "2319"]
[PlyCount "64"]
[EventDate "2023.07.16"]
[EventType "swiss"]
[EventRounds "9"]
[EventCountry "SRB"]
[SourceTitle "EXT 2024"]
[Source "ChessBase"]
[SourceDate "2023.10.10"]
[SourceVersion "1"]
[SourceVersionDate "2023.10.10"]
[SourceQuality "1"]

1. e4 e6 2. d3 d5 3. Nd2 Nc6 4. Ngf3 Nf6 5. c3 e5 6. Be2 a5 7. 0-0 dxe4 8. dxe4 Bc5 9. Bb5 Qe7 10. Nc4 Bd7 11. Bxc6 Bxc6 12. Ncxe5 Bxe4 13. Bg5 0-0 14. Bxf6 gxf6 15. Re1 f5 16. Qa4 Rfd8 17. Rxe4 fxe4 18. Qxe4 Bd6 19. Re1 Bxe5 20. Nxe5 Qf6 21. h4 Rd2 22. Re3 Qxf2+ 23. Kh2 Kh8 24. Ng4 Qf1 25. h5 Rg8 26. h6 Qb5 27. Qf4 Qh5+ 28. Rh3 Rxg2+ 29. Kxg2 Rxg4+ 30. Qxg4 Qxg4+ 31. Rg3 Qe2+ 32. Kh3 Qh5+ 0-1